LEADER 01424nam a2200325 a 4500 001 000000121206 003 CaOOAMICUS 005 20100414113449.0 008 100414t1983 it u000 u ita r 040 $aPUL$bita$dMCT 100 1 $aComposta, Dario,$cS.D.B.$0(OLS)http://pul/name/2295 245 10$aFilosofia morale ed etica sociale /$cDario Composta. 260 $aRoma :$bUrbaniana University Press,$cİ1983. 300 $a226 p. ;$c21 cm 490 1 $aSubsidia Urbaniana ;$v4 504 $aBibliografia in nota. 650 4$aFilosofia morale$xStudi.$0(OLS)http://pul/subject/5139 650 4$aEtica sociale.$0(OLS)http://pul/subject/548 650 4$aDiritto canonico.$0(OLS)http://pul/subject/1294 700 0 $aBenedictus PP.$bXVI,$d1927-2022.$0(OLS)http://pul/name/14991 830 0$aSubsidia Urbaniana ;$v4.$0(OLS)http://pul/title/7818 850 $aPUL 852 $aPUL$W1$xDP1 Filosofia 1$y19$m586 E 43$j138976$qStampati$B138215$CPULBib$Z2$F138215 $H51811 $82 900 $aRatzinger, Joseph,$ccard.,$d1927-2022$914991 900 $aBenedetto XVI,$cpapa,$d1927-$914991 910 $aPapi (2005-2013 : Benedictus PP. XVI)$914991 910 $aPapi (2005-2013 : Benedictus PP. XVI)$914991 941 1 $a8 996 $6245$aFilosofia morale ed etica sociale$9(OLS)http://pul/title/152436 996 $6260$aRoma :$bUrbaniana University Press$9(OLS)http://pul/publisher/62281 LEADER 01437nam a2200337 a 4500 001 000000129826 003 CaOOAMICUS 005 20120726130334.0 008 120726s2012 it u000 u ita r 040 $aPUL$bita 041 1 $aita$agrc$hgrc 082 04$a103 100 0 $aSophocles,$dsec. V a.C.$0(OLS)http://pul/name/12152 240 10$aOedipus Coloneus.$lItaliano e greco.$0(OLS)http://pul/title/142891 245 10$aEdipo a Colono /$cSofocle ; traduzione e note di Franco Ferrari ; prefazione di Edoardo Boncinelli. 250 $aEd. speciale per il Corriere della Sera. 260 $aMilano :$bR.C.S. Libri,$cİ2012. 300 $aVIII, 136 p. ;$c19 cm 490 1 $aClassici del pensiero libero. Greci e latini ;$v35 546 $aTesto greco a fronte. 700 1 $aFerrari, Franco,$d1964-$0(OLS)http://pul/name/42442 700 1 $aBoncinelli, Edoardo,$d1941-$0(OLS)http://pul/name/45598 830 0$aClassici del pensiero libero. Greci e latini ;$v35.$0(OLS)http://pul/title/163490 850 $aPUL 852 $aPUL$W1$xDP2 Filosofia 3$y112$m103 COLL 8.35$j150295$qDDC 21$B148863$CPULBib$Z2$F148863 $H120531 $82 900 $aSofocle,$dsec. V a.C.$912152 941 1 $a9 996 $6082$a103$9(OLS)http://pul/classification/621 996 $6245$aEdipo a Colono$9(OLS)http://pul/title/68347 996 $6260$aMilano :$bR.C.S. Libri$9(OLS)http://pul/publisher/74600